Sidemen Quiz (easy) - Statistics

General Stats
  • This quiz has been taken 1,765 times
  • The average score is 10 of 15
Answer Stats
Question Answer % Correct
Who is the youngest Sideman? Harry
96%
What is Josh's girlfriends name? Freya
94%
What day do the Sidemen upload on their main channel? Sunday
93%
Who is known as the dad in the group? Josh/Zerkaa
89%
Who do Sidemen FC play in their charity matches? Youtube Allstars
88%
Who has left the sidemen before? JJ
87%
Who has a girlfriend? Simon
78%
Who is the most AWKWARD? Harry
76%
Who gets bullied the most? Vikk
73%
Which of these Sidemen members don't play minecraft on either their personal main account or their second channel? (more sidemen and sidemen don't count) W2S
66%
Which one of these is not a second channel? Vikkstar123
65%
What game has Vikk not played on his channel? Fifa
64%
Who doesn't open Fifa Packs? Callux
44%
Which of these games have the Sidemen not played together? COD
22%
What game has Minimiser not played on his MM7GAMES channel? COD
10%
No matching quizzes found
Score Distribution
Percent of People with Each Score
Percentile by Number Answered
Your Score History
You have not taken this quiz